000 00695nam a22001817a 4500
005 20251108171729.0
008 250721s1992 xx 000 0 ara d
082 1 4 _a657.8/صاد
100 1 _aمصطفى، صادق حامد
245 1 0 _aالمحاسبة في المنشآت الخدمية :
_bالفنادق - منشآت المهن الحره - الهيئات غير التجارية - النقل البحري /
264 1 _aليبيا (طرابلس) :
_bجامعة الجيل الغربي،
_c1992.
300 _a575ص
650 1 7 _aالمحاسبة
650 1 7 _aمحاسبة الشركات
700 1 _aالسحيرى، الهادي محمد
942 _2ddc
_cBK
999 _c61045
_d61045